Normal view
MARC view
Entry Personal Name
001 - CONTROL NUMBER
- control field: 48206
003 - CONTROL NUMBER IDENTIFIER
- control field: ARRUPE
005 - DATE AND TIME OF LATEST TRANSACTION
- control field: 20190920121024.0
008 - FIXED-LENGTH DATA ELEMENTS
- fixed length control field: 190920|| aca||aabn | a|a d
040 ## - CATALOGING SOURCE
- Original cataloging agency: ARRUPE
- Transcribing agency: ARRUPE
100 ## - HEADING--PERSONAL NAME
- Personal name: Mugari, Albert
670 ## - SOURCE DATA FOUND
- Source citation: Work cat.: (ARRUPE): Mugari, Albert, A critical assessment of what went wrong with Zimbabwe's contemporary education and the possible solutions , 2014